The rise and fall of great cities : aspects of urbanization in the western world

Αποθηκεύτηκε σε:
Λεπτομέρειες βιβλιογραφικής εγγραφής
Άλλοι συγγραφείς: Lawton, Richard (Επιμελητής έκδοσης)
Μορφή: Βιβλίο
Γλώσσα:English
Δημοσίευση: London : Belhaven, 1992
Θέματα:
Ετικέτες: Προσθήκη ετικέτας
Δεν υπάρχουν, Καταχωρήστε ετικέτα πρώτοι!

MARC

LEADER 00000nam a2200000 i 4500
001 1/8025
008 960925s1992 eng d
020 |a 1-85293-235-X 
035 |l 10016943 
040 |a GR-MY-UA  |b gre  |e aacr 
041 0 |a eng 
082 0 |a 307.7609 
245 1 4 |a The rise and fall of great cities :  |b aspects of urbanization in the western world /  |c Edited by Richard Lawton 
260 |a London :   |b Belhaven,   |c 1992 
300 |a 185 p.  |b tables; fig. 
504 |a Includes index 
650 0 0 |a Urbanization  |x History. 
700 1 |a Lawton, Richard.  |4 edt 
852 |a INST  |b LESVOS  |e 19960925  |h 307.7609 RIS  |p 005100006499  |q 005100006499  |t BK  |y 0 
909 |a Λ  |b 035225